Southville International School and Colleges
Your cart is empty.
  • Cart
  • Lists
    Public lists Eva Luna New books Lux_list list_1
    Your lists Log in to create your own lists
  • Log in to your account
  • Your cookies
  • Search history
Southville International School and Colleges
  • Advanced search
  • Recent comments
  • Most popular
  • Libraries

Log in to your account

Log in with GOOGLE


If you do not have an external account, but do have a local account, you can still log in:

  1. Home
  2. MARC view: E-mail in an instant /
Normal view MARC view ISBD view

E-mail in an instant / (Record no. 283321)

[ view plain ]
MARC details
000 -LEADER
fixed length control field 00539nam a2200181Ia 4500
008 - FIXED-LENGTH DATA ELEMENTS--GENERAL INFORMATION
fixed length control field 150223s9999 xx 000 0 und d
020 ## - INTERNATIONAL STANDARD BOOK NUMBER
International Standard Book Number 9781601630179
050 ## - LIBRARY OF CONGRESS CALL NUMBER
Classification number HE 7551
Item number .B35 2009
100 ## - MAIN ENTRY--PERSONAL NAME
Personal name Leland, Karen et. al.
245 ## - TITLE STATEMENT
Title E-mail in an instant /
Statement of responsibility, etc Karen Leland
250 ## - EDITION STATEMENT
Edition statement International Ed. 2009
260 ## - PUBLICATION, DISTRIBUTION, ETC. (IMPRINT)
Place of publication, distribution, etc USA :
Name of publisher, distributor, etc Career Press,
Date of publication, distribution, etc 2009
300 ## - PHYSICAL DESCRIPTION
Extent 160 pages :
Dimensions 21 cm.
504 ## - BIBLIOGRAPHY, ETC. NOTE
Bibliography, etc Includes Index.
650 ## - SUBJECT ADDED ENTRY--TOPICAL TERM
Topical term or geographic name as entry element Business Communication.
650 ## - SUBJECT ADDED ENTRY--TOPICAL TERM
Topical term or geographic name as entry element Electronic mail messages.
650 ## - SUBJECT ADDED ENTRY--TOPICAL TERM
Topical term or geographic name as entry element Electronic mail systems

No items available.

E-mail in an instant /

APA

Leland K. e. a., . (2009). E-mail in an instant. USA: Career Press.

Chicago

Leland Karen et al, . 2009. E-mail in an instant. USA: Career Press.

Harvard

Leland K. e. a., . (2009). E-mail in an instant. USA: Career Press.

MLA

Leland Karen et al, . E-mail in an instant. USA: Career Press. 2009.

  • Print
  • Cite
  • Add to your cart (remove)
  • Save record
    BIBTEX Dublin Core MARCXML MARC (non-Unicode/MARC-8) MARC (Unicode/UTF-8) MARC (Unicode/UTF-8, Standard) MODS (XML) RIS
  • More searches
    Search for this title in:
    Other Libraries (WorldCat) Other Databases (Google Scholar) Online Stores (Bookfinder.com) Open Library (openlibrary.org)

Exporting to Dublin Core...

SOUTHVILLE LIBRARY

Southville International School and Colleges Library

1281 Tropical Ave. Cor. Luxembourg St., BF Homes International, Las Pinas City

Tel. No. 8256374 / 252358 Loc. 117/146

Powered by Koha